LEADER 00967nam0 22002771i 450 001 RML0304934 005 20231121125747.0 100 $a20121121d1975 ||||0itac50 ba 101 | $aita 102 $ait 181 1$6z01$ai $bxxxe 182 1$6z01$an 200 1 $aEducazione sanitaria$eteoria e pratica per operatori sanitari$fCarlo Vetere 210 $aRoma $cArmando $dİ1975 215 $a255 p.$d24 cm 606 $aEducazione sanitaria$2FIR$3RMLC007756$9I 676 $a371.7$9$v21 700 1$aVetere$b, Carlo$3RMLV196553$0158148 801 3$aIT$bIT-01$c20121121 850 $aIT-FR0017 899 $aBiblioteca umanistica Giorgio Aprea$bFR0017 912 $aRML0304934 950 0$aBiblioteca umanistica Giorgio Aprea$d 52CIS 13/723$e 52VM 0000749465 VM barcode:00066137. - Inventario:1641 FSSVM$fA $h20080523$i20121204 977 $a 52 996 $aEducazione sanitaria$9193174 997 $aUNICAS LEADER 01618nam 2200529Ia 450 001 9910779647303321 005 20230725061520.0 010 $a1-61122-287-7 035 $a(CKB)2550000001041610 035 $a(EBL)3018713 035 $a(SSID)ssj0000854399 035 $a(PQKBManifestationID)12429198 035 $a(PQKBTitleCode)TC0000854399 035 $a(PQKBWorkID)10903164 035 $a(PQKB)11223172 035 $a(MiAaPQ)EBC3018713 035 $a(Au-PeEL)EBL3018713 035 $a(CaPaEBR)ebr10661651 035 $a(OCoLC)829978653 035 $a(EXLCZ)992550000001041610 100 $a20100810d2011 uy 0 101 0 $aeng 135 $aur|n|---||||| 181 $ctxt 182 $cc 183 $acr 200 00$aArchaea$b[electronic resource] $estructure, habitats, and ecological significance /$fSakura Y. Kato, editor 210 $aNew York $cNova Science Publishers$dc2011 215 $a1 online resource (246 p.) 225 1 $aMicrobiology research advances 300 $aDescription based upon print version of record. 311 $a1-61761-932-9 320 $aIncludes bibliographical references and index. 410 0$aMicrobiology research advances series. 606 $aArchaebacteria 606 $aArchaebacteria$xEnvironmental aspects 615 0$aArchaebacteria. 615 0$aArchaebacteria$xEnvironmental aspects. 676 $a579.3/21 701 $aKato$b Sakura Y$01476671 801 0$bMiAaPQ 801 1$bMiAaPQ 801 2$bMiAaPQ 906 $aBOOK 912 $a9910779647303321 996 $aArchaea$93691404 997 $aUNINA